000 00450nam a22001457a 4500
008 250605b |||||||| |||| 00| 0 eng d
020 _a9789788415217
050 _aQA 76
_b.O 39
100 _aOkwudili Anigbosu
245 _aIntroduction to fundamentals of computer science and information technology application
260 _aAnambra
_bChriston international company limited
_c2015
300 _a342p
650 _aComputer science
942 _cBK
999 _c3809
_d3809